Eastern Utah Libraries Catalog: Duchesne, Heber, Roosevelt, & Vernal

Fiends on the other side / (Record no. 360712)

MARC details
000 -LEADER
fixed length control field 01453nam a2200433 i 4500
001 - CONTROL NUMBER
control field sky301407048
003 - CONTROL NUMBER IDENTIFIER
control field SKY
005 - DATE AND TIME OF LATEST TRANSACTION
control field 20210422140105.0
008 - FIXED-LENGTH DATA ELEMENTS--GENERAL INFORMATION
fixed length control field 201001s2020 cau c 000 1 eng d
010 ## - LIBRARY OF CONGRESS CONTROL NUMBER
LC control number bl2020052659
020 ## - INTERNATIONAL STANDARD BOOK NUMBER
International Standard Book Number 9781368048361
Qualifying information pbk.
020 ## - INTERNATIONAL STANDARD BOOK NUMBER
International Standard Book Number 1368048366
Qualifying information pbk.
020 ## - INTERNATIONAL STANDARD BOOK NUMBER
International Standard Book Number 9781544448534
Terms of availability 15.99
020 ## - INTERNATIONAL STANDARD BOOK NUMBER
International Standard Book Number 1544448538
Terms of availability 15.99
040 ## - CATALOGING SOURCE
Original cataloging agency NjBwBT
Language of cataloging eng
Transcribing agency NjBwBT
Description conventions rda
Modifying agency SKYRV
082 04 - DEWEY DECIMAL CLASSIFICATION NUMBER
Classification number [Fic]
Edition number 23
092 ## - LOCALLY ASSIGNED DEWEY CALL NUMBER (OCLC)
Classification number J
099 ## - LOCAL FREE-TEXT CALL NUMBER (OCLC)
Classification number Strange, V.
100 1# - MAIN ENTRY--PERSONAL NAME
Personal name Strange, Vera.
9 (RLIN) 6387382
245 10 - TITLE STATEMENT
Title Fiends on the other side /
Statement of responsibility, etc by Vera Strange.
250 ## - EDITION STATEMENT
Edition statement First paperback edition.
264 #1 - Production, Publication, Distribution, Manufacture, and Copyright Notice.
Place of production, publication, distribution, manufacture Los Angeles :
Name of producer, publisher, distributor, manufacturer Disney Press,
Date of production, publication, distribution, manufacture, or copyr 2020.
300 ## - PHYSICAL DESCRIPTION
Extent 198 pages ;
Dimensions 20 cm.
490 1# - SERIES STATEMENT
Series statement Disney chills ;
Volume number/sequential designation 2.
520 ## - SUMMARY, ETC.
Summary, etc Follows the experiences of a boy who turns into a shadow after striking a dark bargain with Dr. Facilier from The Princess and the Frog.
650 #0 - SUBJECT ADDED ENTRY--TOPICAL TERM
Topical term or geographic name as entry element Twins
Form subdivision Juvenile fiction.
9 (RLIN) 5674271
650 #0 - SUBJECT ADDED ENTRY--TOPICAL TERM
Topical term or geographic name as entry element Brothers
Form subdivision Juvenile fiction.
9 (RLIN) 5674796
650 #0 - SUBJECT ADDED ENTRY--TOPICAL TERM
Topical term or geographic name as entry element Sibling rivalry
Form subdivision Juvenile fiction.
9 (RLIN) 5704232
650 #0 - SUBJECT ADDED ENTRY--TOPICAL TERM
Topical term or geographic name as entry element Popularity
Form subdivision Juvenile fiction.
9 (RLIN) 5708746
650 #0 - SUBJECT ADDED ENTRY--TOPICAL TERM
Topical term or geographic name as entry element Shadows
Form subdivision Juvenile fiction.
9 (RLIN) 6414494
650 #0 - SUBJECT ADDED ENTRY--TOPICAL TERM
Topical term or geographic name as entry element Characters in literature
Form subdivision Juvenile fiction.
9 (RLIN) 5674481
650 #0 - SUBJECT ADDED ENTRY--TOPICAL TERM
Topical term or geographic name as entry element Horror stories.
800 1# - SERIES ADDED ENTRY--PERSONAL NAME
Personal name Strange, Vera.
Title of a work Disney chills ;
Volume/sequential designation 2.
9 (RLIN) 6414495
907 ## - LOCAL DATA ELEMENT G, LDG (RLIN)
a .b435821003
942 ## - ADDED ENTRY ELEMENTS (KOHA)
Source of classification or shelving scheme Dewey Decimal Classification
Koha item type BOOK
Holdings
Withdrawn status Lost status Source of classification or shelving scheme Damaged status Not for loan Collection code Home library Current library Shelving location Date acquired Source of acquisition Serial Enumeration / chronology Total Checkouts Total Renewals Full call number Barcode Date last seen Date checked out Cost, replacement price Price effective from Koha item type
    Dewey Decimal Classification     Junior Fiction Wasatch County Library Wasatch County Library Main Floor Junior Area 11/05/2021 Penworthy #2 Disney Chills 5 3 J Strange 34301001831249 02/23/2024 09/29/2023 17.96 11/05/2021 BOOK
This project was made possible through a grant from the Institute of Museum and Library Service administered by the Utah State Library Division.

Wasatch County Library

  • 465 East 1200 South, Heber City, Utah 84032
  • Phone 435-654-1511 | Fax 435-654-6456

Hours

  • Monday - Friday 9:30 AM - 8:00 PM
  • Saturday 9:30 AM - 1:30 PM
  • Closed Sundays and Holidays